<?xml version="1.0" encoding="UTF-8"?>
<record
    xmlns:xsi="http://www.w3.org/2001/XMLSchema-instance"
    xsi:schemaLocation="http://www.loc.gov/MARC21/slim http://www.loc.gov/standards/marcxml/schema/MARC21slim.xsd"
    xmlns="http://www.loc.gov/MARC21/slim">

  <leader>00810nam a2200265 i 4500</leader>
  <controlfield tag="001">91869</controlfield>
  <controlfield tag="003">ES-MaACL</controlfield>
  <controlfield tag="005">20251001145223.0</controlfield>
  <controlfield tag="007">t|</controlfield>
  <controlfield tag="008">050224s2003    sp           ||||1| spa d</controlfield>
  <datafield tag="020" ind1=" " ind2=" ">
    <subfield code="a">84-7844-728-8</subfield>
  </datafield>
  <datafield tag="080" ind1=" " ind2=" ">
    <subfield code="a">1 Zhuangzi</subfield>
  </datafield>
  <datafield tag="080" ind1=" " ind2=" ">
    <subfield code="a">299.513</subfield>
  </datafield>
  <datafield tag="100" ind1="1" ind2=" ">
    <subfield code="a">Billeter, Jean Fran&#xE7;ois.</subfield>
    <subfield code="9">28886</subfield>
  </datafield>
  <datafield tag="245" ind1="1" ind2="0">
    <subfield code="a">Cuatro lecturas sobre Zhuangzi / </subfield>
    <subfield code="c">Jean Fran&#xE7;ois Billeter ; traducci&#xF3;n de Anne-H&#xE9;l&#xE8;ne Su&#xE1;rez Girard.</subfield>
  </datafield>
  <datafield tag="260" ind1=" " ind2=" ">
    <subfield code="a">Madrid : </subfield>
    <subfield code="b">Siruela, </subfield>
    <subfield code="c">[2003]</subfield>
  </datafield>
  <datafield tag="300" ind1=" " ind2=" ">
    <subfield code="a">186 p. ; </subfield>
    <subfield code="c">15 cm.</subfield>
  </datafield>
  <datafield tag="490" ind1="1" ind2=" ">
    <subfield code="a">Biblioteca de ensayo</subfield>
  </datafield>
  <datafield tag="600" ind1="1" ind2="4">
    <subfield code="a">Zhuangzi.</subfield>
    <subfield code="9">118224</subfield>
  </datafield>
  <datafield tag="650" ind1="0" ind2="4">
    <subfield code="a">Tao&#xED;smo.</subfield>
    <subfield code="9">17283</subfield>
  </datafield>
  <datafield tag="700" ind1="1" ind2=" ">
    <subfield code="a">Su&#xE1;rez Girard, Anne-H&#xE9;l&#xE8;ne, </subfield>
    <subfield code="d">1960-</subfield>
    <subfield code="9">160364</subfield>
  </datafield>
  <datafield tag="830" ind1="0" ind2=" ">
    <subfield code="a">Biblioteca de ensayo</subfield>
    <subfield code="9">178029</subfield>
  </datafield>
  <datafield tag="852" ind1=" " ind2=" ">
    <subfield code="a">ES-MaACL</subfield>
    <subfield code="j">L-28944 </subfield>
    <subfield code="b">R.135089</subfield>
  </datafield>
  <datafield tag="999" ind1=" " ind2=" ">
    <subfield code="c">91869</subfield>
    <subfield code="d">91869</subfield>
  </datafield>
  <datafield tag="952" ind1=" " ind2=" ">
    <subfield code="0">0</subfield>
    <subfield code="1">0</subfield>
    <subfield code="4">0</subfield>
    <subfield code="7">0</subfield>
    <subfield code="a">ATENEOM</subfield>
    <subfield code="b">ATENEOM</subfield>
    <subfield code="c">DEPO2</subfield>
    <subfield code="d">2008-01-17</subfield>
    <subfield code="e">SC</subfield>
    <subfield code="l">0</subfield>
    <subfield code="o">L-28944</subfield>
    <subfield code="p">1095920</subfield>
    <subfield code="r">2023-02-23 00:00:00</subfield>
    <subfield code="w">2023-02-23</subfield>
    <subfield code="y">MONOGRAFIA</subfield>
  </datafield>
</record>
